MDQL
is popping MORE tags! Check the
thread
!
Quizzes
Events
Quiz Creation
Community
Videos
Private Events
Remove Ads
Sign In
Join for FREE
Feedback
Dark Mode
Quiz Categories
Sports
Geography
Music
Movies
Television
Just For Fun
Miscellaneous
History
Literature
Language
Science
Gaming
Entertainment
Religion
Holiday
For Kids
Quiz Lab
Recent
Popular Today
Quiz Kudos Today
Editor Picks
Curator Picks
Quizzes by...
Day
Popularity
Type
Ratings
Length
Year
Community
Subscriptions
Recent Discussions
Orange Saloon
Badges
Playlists
Quests
Create
Leaderboards
Showdown
Live 5
Trivia Bingo
Activity
Puzzle Library
Sporcle Events
Private Events
Virtual Trivia
Globe League
Become a Host
Pub Owners
SporcleCon
Opinionation
Our Games
Videos
Blog
Mobile Apps
Partnerships
Remove Ads and Go Orange
Feedback
Gaming
Video Games
Board Games
Card Games
Pokémon
Mario
Nintendo
Minecraft
Console
Toys
Legend of Zelda
Gaming
Video Games
Board Games
Card Games
Pokémon
Mario
Nintendo
Minecraft
Console
Toys
Legend of Zelda
Random Quiz
Search Sporcle
×
Quiz Lab
Quiz Lab
Gaming
Order
Type answers based on single images at one time
Type answers based on single images at one time
Slideshow
Best Score? Go Orange.
Assassin's creed targets in order Stats
Can you name the Assassin's creed targets in order?
By
pimpdaddy2
20m
146 Questions
412 Plays
412 Plays
412 Plays
Comments
Comments
Give Quiz Kudos
Give Quiz Kudos
-
- Ratings
hide this ad
More Info
No Peeking
Image is hidden before quiz starts
Image is hidden before quiz starts
Replay
Link that replays current quiz
Next Quiz
Link to next quiz in quiz playlist
You Got
0%
They Got
Avg Score
23%
Avg Friend Score
Upgrade to see
Score Distribution
Jump to the score distribution portion of the page
Score
0/146
Timer
20:00
0
Plays Today
% Correct
Al Mualim
60.9%
Tamir
57.3%
Robert De Sable
54.4%
Vieri De'pazzi
52.9%
Francesco De'pazzi
52.9%
Garnier De Naplouse
52.7%
Talal
51.5%
Uberto Alberti
50.7%
Cesare Borgia
49.5%
Haytham Kenway
49.3%
Lucy Stillman
49%
Charles Lee
48.3%
William of Montferrat
44.9%
Sibrand
43.2%
Warren Vidic
41.7%
Dante Moro
41%
Majd Addin
40.8%
Emilio Barbarigo
40.5%
Carlo Grimaldi
40%
Marco Barbarigo
39.8%
Abu'l Nuqoud
39.3%
Juan Borgia
39.1%
Silvio Barbarigo
38.8%
Thomas Hickey
38.8%
Duncan Walpole
38.6%
Adewale
38.6%
Jubair Al Hakim
38.3%
Edward Braddock
38.3%
William Johnson
38.1%
Benjamin Church
37.4%
John Pitcairn
37.1%
Daniel Cross
36.9%
Antonio Maffei
36.7%
Jacopo De'pazzi
36.7%
Charles Vane
36.4%
Bartholomew Roberts
35.9%
Leandros
35.7%
Abbas
35.7%
Bernardo Di Bandino Baroncelli
35.4%
Benjamin Hornigold
35.4%
Stefano Da Bagnone
33.6%
Julien du Casse
33.3%
Woodes Rogers
33.3%
Ludovico Orsi
33.1%
Checco Orsi
33.1%
Francesco Salviati
32.3%
Il Carnefice
32%
Miko
31.8%
Laurens Prins
31.6%
% Correct
El Tiburon
30.8%
Nicholas Biddle
30.3%
Charles Dorian
29.9%
Manuel Palaiologos
29.9%
Deimos
29.8%
Julius Caesar
29.8%
Silas Thatcher
29.7%
Shahkulu
29.1%
Hope Jensen
28.9%
Malfatto
28.4%
Vali cel Tradat
28.2%
Tarik Barleti
28.2%
Laureano Torres y Ayala
28.2%
Octavion de Valois
27.7%
Lawrence Washington
26.5%
Silvestro Sabbatini
26.2%
Kanentokon
26.2%
Crawford Starrick
26%
Aspasia
25.4%
Pierre Bellec
25.2%
Liam O'brien
24%
Lucy Thorne
23.3%
Peter Chamberlaine
22.6%
Josiah Burgess
22.6%
John Cockram
22.3%
Girolamo Savanarola
22.3%
Francois-Thomas Germain
21.8%
Khaliset
21.7%
Le Chasseur
21.6%
Elpenor Of Kirrha
21.4%
David Brewster
21.4%
Pearl Attaway
21.4%
Maxwell Roth
21.1%
Taharqa
21.1%
Berenike
21.1%
Rupert Ferris
20.9%
Flavius
20.5%
Samuel Smith
20.1%
Kleon The Everyman
20.1%
Septimius
19.6%
James Wardrop
19.4%
Charles Gabriel Sivert
19.4%
John Elliotson
19.4%
Hetepi
19.4%
Louis-Joseph Gaultier, Chevalier de la Vérendrye
18.9%
Medunamun
18.8%
Eudoros
18.8%
Marie Levesque
18.7%
Philip Twopenny
18.4%
% Correct
Aloys la Touche
18.2%
Kesegowase
18%
Rudjek
17.9%
Roi des Thunes
17.7%
Pothinus
16.4%
Nyx The Shadow
16.2%
The Monger
15.7%
Chretien Lafreniere
15%
Pausanias Of Sparta
14.8%
Frederic Rouille
14.6%
Midas Of Argos
14.4%
James Brudnell
14.1%
Chrysis
14%
Louis-Michel le Peletier
13.8%
Swordfish
13.2%
Diona
13.1%
Iokaste The Seer
12.7%
Belos The Beast Of Sparta
12.3%
Kodros The Bull
12.2%
The Hydra
12.2%
The Octopus
12.2%
Exekias The Legend
11.8%
Hermippos
11.8%
The Master
11.8%
Sotera
11.8%
Rhexenor
11.8%
Malcom Millner
11.4%
Podarkes The Cruel
11.4%
Skylax The Fair
10.9%
Zoisme
10.5%
Deianeira
10.5%
Brison
10.5%
Okytos The Great
10.1%
The Silver Griffin
10%
Epiktetos The Forthcoming
10%
Lagos
9.6%
Silanos Of Paros
9.6%
Sokos
9.6%
The Chimera Of Andros
9.2%
The Centaur Of Euboea
9.2%
Kallias
9.2%
Polemon The Wise
8.7%
Machaon The Feared
8.7%
The Mytilenian Shark
8.7%
Melite
8.7%
Melanthos
8.3%
Harpolos
8.3%
Iobates The Stoic
7.4%
Quiz Playlist
Details
Report
Send in Message
Add To Playlist
More Info:
Only main release's and story missions
Slideshow:
Type answers based on single images at one time
No Peeking:
Image is hidden before quiz starts
Last Updated: Oct 9, 2022
Quiz Scoreboard
CHALLENGE
Sign Up to Join the Scoreboard
Show All
Scores
Hide
Comments
May contain spoilers
Recently Published
Holiday 10x10 Sorting Gallery
by lukepisani3
Holiday
15m
Two Season TV Shows II
by 123Four
Television
10m
Image Sorting: Flags VI
by Barbecue
Geography
2m
More to Explore
Quiz From the Vault
Featured Blog Post
14 Easter Pick-up Lines to Find Eggs With
hide this ad
You Might Also Like...
Tags
Assassin's Creed
Order
Today's Top Quizzes in Gaming
Browse Gaming
hide this ad
Today's Top Quizzes in Order
Browse Order
Top Contributed Quizzes in Gaming
1
League of Legends Pro Players by Career/Team History
2
Genshin Impact Logic Puzzle
3
Destiny 2 exotic weapons by perk icons
4
Genshin Impact Logic Puzzle Quiz
5
Genshin murder mystery
6
4x4 Decades: Video Games
7
Who's on the WWE 2K24 Cover?
8
Ultimate Genshin Impact Logic Puzzle (up to 4.3)
9
Dead By Daylight Logic Puzzle
10
Undertale Logic Puzzle
Explore More
Trending Topics
Disney
Kpop
Crossword
Anime
NBA
Marvel
Harry Potter
The Office
Soccer
Song
WWE
Pokémon
NFL
Puzzle
Country
hide this ad
More By:
pimpdaddy2
Quiz
Plays
Rating
Category
Featured
Created
Guess NFL active player by Jersey
2,683
3.60
Sports
Jul 17, 2017
99 overall players madden 99-18
568
2.83
Sports
Oct 6, 2015
Guess NBA Player by jersey # 1-99
447
3.00
Sports
Jul 16, 2017
Guess NFL Player by jersey 00-99
446
3.40
Sports
Jul 16, 2017
nfl characters
30
2.33
Sports
Apr 7, 2015
Go to Creator's Profile
Score Distribution
Quiz Creator Spotlight
pimpdaddy2
Follow
Send a Message
Quizzes Created
-
Created Quiz Play Count
-
More By This Creator
Popular Quizzes Today
1
Find the US States - No Outlines Minefield
2
Colored Red Africa Blitz
3
Find the 'City' Movie
4
The Countries of the World
5
Find the US States
6
5x2 Blitz: Bands
7
Find the Countries of Europe - No Outlines Minefield
8
US States
More Gaming Quizzes
Atari 5200 Two Word Games
Editor's Pick
Trending Quizzes
Colored Red Europe Blitz I
Colored Red Europe Blitz II
Colored Red Africa Blitz II
Colored Red Europe Blitz III
Colored Red Africa Blitz III
Recently Updated
Odd Team Out - Big 4 Players
pecheneg
Quick Pick: 20 Twenties
pecheneg
March Madness Men's Triple Doubles
pecheneg
How Do You Spell That?
pecheneg
Godzilla Movies
pecheneg
Grab Bag: 4-10 Letters
pecheneg
2024 March Madness Bracket
pecheneg
Famous TV Couples
Peacemaker
Champions League XIs: Real Madrid
pecheneg
Largest US Cities 1790-2010
pecheneg
Trending Topics
Crossword
Disney
NBA
Kpop
Anime
Harry Potter
Marvel
Soccer
Country
The Office
Pokémon
NFL
WWE
Puzzle
Song
Your Account Isn't Verified!
In order to create a playlist on Sporcle, you need to verify the email address you used during registration. Go to your
Sporcle Settings
to finish the process.
Report this User
Report this user for behavior that violates our
Community Guidelines
.
Details:
Send Report
Go to the Sporcle.com Mobile Site →
Comments